000 00314nam a22001457a 4500
008 210514b ||||| |||| 00| 0 eng d
020 _a9780767415804
041 _aeng
080 _23rd
_a101
082 _a101
100 _a24
101 _aFIL
245 _aDoes The Center Hold?
_cPalmer,D
942 _2udc
_cBK
999 _c57302
_d57302